Statystyki dla Państwa Świata

Kliknij tutaj aby rozwiązać quiz!

Ogólne statystyki

  • Ten quiz został rozwiązany 14 razy
  • Średni wynik to 155 z 196

Odpowiedzi na mapie

Odpowiedzi skodowane kolorowo w zielono-czerwonej skali na mapie do tego quizu, zgodnie z poniższymi procentami.
 

Statystyki odpowiedzi

Państwo% Poprawnych
Stany Zjednoczone
100%
Albania
92%
Andora
92%
Arabia Saudyjska
92%
Argentyna
92%
Australia
92%
Austria
92%
Belgia
92%
Białoruś
92%
Brazylia
92%
Bułgaria
92%
Chile
92%
Chiny
92%
Chorwacja
92%
Czarnogóra
92%
Czechy
92%
Dania
92%
Demokratyczna Republika Konga
92%
Dominika
92%
Dominikana
92%
Egipt
92%
Estonia
92%
Finlandia
92%
Francja
92%
Grecja
92%
Gwinea
92%
Hiszpania
92%
Holandia
92%
Indie
92%
Irak
92%
Iran
92%
Irlandia
92%
Islandia
92%
Izrael
92%
Japonia
92%
Jemen
92%
Kanada
92%
Kazachstan
92%
Kolumbia
92%
Kongo
92%
Korea Północna
92%
Korea Południowa
92%
Litwa
92%
Łotwa
92%
Luksemburg
92%
Madagaskar
92%
Maroko
92%
Meksyk
92%
Mongolia
92%
Niemcy
92%
Niger
92%
Nigeria
92%
Norwegia
92%
Nowa Zelandia
92%
Oman
92%
Paragwaj
92%
Polska
92%
Portugalia
92%
Republika Południowej Afryki
92%
Rosja
92%
Rumunia
92%
Serbia
92%
Słowacja
92%
Słowenia
92%
Szwajcaria
92%
Szwecja
92%
Turcja
92%
Ukraina
92%
Urugwaj
92%
Uzbekistan
92%
Węgry
92%
Wielka Brytania
92%
Włochy
92%
Zambia
92%
Afganistan
83%
Algieria
83%
Angola
83%
Armenia
83%
Czad
83%
Filipiny
83%
Gruzja
83%
Indonezja
83%
Jordania
83%
Kambodża
83%
Kamerun
83%
Katar
83%
Kenia
83%
Kirgistan
83%
Kosowo
83%
Kuba
83%
Lesotho
83%
Liberia
83%
Libia
83%
Liechtenstein
83%
Macedonia Północna
83%
Malezja
83%
Malta
83%
Mołdawia
83%
Papua Nowa-Gwinea
83%
Peru
83%
Somalia
83%
Sudan
83%
Sudan Południowy
83%
Tadżykistan
83%
Tunezja
83%
Wenezuela
83%
Wietnam
83%
Wyspy Świętego Tomasza i Książęca
83%
Zjednoczone Emiraty Arabskie
83%
Azerbejdżan
75%
Bahamy
75%
Belize
75%
Bhutan
75%
Boliwia
75%
Bośnia i Hercegowina
75%
Cypr
75%
Ekwador
75%
Erytrea
75%
Etiopia
75%
Gabon
75%
Ghana
75%
Gwinea Równikowa
75%
Haiti
75%
Jamajka
75%
Kuwejt
75%
Laos
75%
Malediwy
75%
Mikronezja
75%
Mjanma
75%
Monako
75%
Nepal
75%
Pakistan
75%
Republika Zielonego Przylądka
75%
San Marino
75%
Senegal
75%
Singapur
75%
Sri Lanka
75%
Syria
75%
Tajlandia
75%
Tanzania
75%
Tuvalu
75%
Uganda
75%
Wybrzeże Kości Słoniowej
75%
Wyspy Marshalla
75%
Zimbabwe
75%
Bahrajn
67%
Bangladesz
67%
Barbados
67%
Botswana
67%
Burkina Faso
67%
Eswatini
67%
Fidżi
67%
Gujana
67%
Kostaryka
67%
Mali
67%
Mauritius
67%
Mozambik
67%
Namibia
67%
Palau
67%
Panama
67%
Republika Środkowoafrykańska
67%
Seszele
67%
Surinam
67%
Tajwan
67%
Togo
67%
Tonga
67%
Turkmenistan
67%
Watykan
67%
Antigua i Barbuda
58%
Benin
58%
Dżibuti
58%
Gambia
58%
Grenada
58%
Gwatemala
58%
Gwinea Bissau
58%
Honduras
58%
Kiribati
58%
Liban
58%
Mauretania
58%
Nikaragua
58%
Saint Lucia
58%
Salwador
58%
Samoa
58%
Timor Wschodni
58%
Vanuatu
58%
Brunei
50%
Komory
50%
Malawi
50%
Nauru
50%
Rwanda
50%
Saint Kitts i Nevis
50%
Saint Vincent i Grenadyny
50%
Sierra Leone
50%
Trynidad i Tobago
50%
Wyspy Salomona
50%
Burundi
42%

Rozkład punktacji

Percentyl według liczby udzielonych odpowiedzi

Procent ludzi z każdym wynikiem

Twoja historia wyników

Nie rozwiązałeś tego quizu